[Event "IX Floripa Chess Open Fort Atacadista"]
[Site "Florianópolis - Santa Catari"]
[Date "2023.01.26"]
[Round "6.104"]
[White "Cavalcante, Adriano Nunes"]
[Black "Paula Pinto, Mateus Arsenio"]
[Result "1-0"]
[WhiteElo "1909"]
[BlackElo "1538"]
[PlyCount "127"]
[EventDate "2023.01.23"]
[EventRounds "10"]
[EventCountry "BRA"]

1. d4 d5 2. c4 e6 3. Nf3 Nf6 4. g3 Be7 5. Bg2 dxc4 6. Qc2 a6 7. a4 O-O 8. O-O
c5 9. dxc5 Qc7 10. Qxc4 Qxc5 11. Na3 Nc6 12. Be3 Qxc4 13. Nxc4 Nd5 14. Bd2 b5
15. axb5 Ncb4 16. Nfe5 Nc2 17. Ra4 Nd4 18. Re1 Nc2 19. Rc1 Nd4 20. Kf1 Nb3 21.
Rd1 Bb7 22. Nc6 axb5 23. Rxa8 Bxa8 24. Bxd5 Bxc6 25. Bxc6 bxc4 26. Bc3 Rc8 27.
Bb7 Rb8 28. Ba6 Nc5 29. Bxc4 Na4 30. Be5 Rb6 31. Rd2 Rb4 32. b3 Nc5 33. Ra2 h6
34. Ra8+ Kh7 35. Ra7 Rb7 36. Rxb7 Nxb7 37. Ke1 Kg6 38. Bd3+ f5 39. Kd2 Bb4+ 40.
Bc3 Bc5 41. e3 Kf7 42. Kc2 g6 43. b4 Bb6 44. Kb3 Nd6 45. Ka4 Ke7 46. Bg7 h5 47.
Bd4 Bd8 48. Bc5 Kd7 49. Bb5+ Kc7 50. Bd3 Nb7 51. Bd4 Nd6 52. b5 Kb7 53. Kb4 Bc7
54. Bc5 e5 55. f4 exf4 56. exf4 Nc8 57. Bc4 Nd6 58. Bd5+ Kc8 59. b6 Bb8 60. Ka5
Nb7+ 61. Bxb7+ Kxb7 62. Kb5 h4 63. Be7 h3 64. Kc5 1-0

[Event "IX Floripa Chess Open Fort Atacadista"]
[Site "Florianópolis - Santa Catari"]
[Date "2023.01.26"]
[Round "6.105"]
[White "Bastos, Guilherme Exterhott"]
[Black "Ramazzotte, Adriano"]
[Result "0-1"]
[WhiteElo "1902"]
[BlackElo "1490"]
[PlyCount "34"]
[EventDate "2023.01.23"]
[EventRounds "10"]
[EventCountry "BRA"]

1. d4 Nf6 2. Bf4 e6 3. e3 d5 4. Nd2 Bd6 5. Bg3 c5 6. c3 Nc6 7. Ngf3 O-O 8. Bd3
Re8 9. O-O Bxg3 10. hxg3 e5 11. dxe5 Nxe5 12. Nxe5 Rxe5 13. Qc2 Qd6 14. e4 Rh5
15. Rae1 Ng4 16. Nf3 Qh6 17. Nh4 Rxh4 0-1

[Event "IX Floripa Chess Open Fort Atacadista"]
[Site "Florianópolis - Santa Catari"]
[Date "2023.01.26"]
[Round "6.106"]
[White "Ramazzotte, Maicon Zilli"]
[Black "Kayser, Gustavo Warmling"]
[Result "1-0"]
[WhiteElo "1562"]
[BlackElo "1898"]
[PlyCount "67"]
[EventDate "2023.01.23"]
[EventRounds "10"]
[EventCountry "BRA"]

1. d4 Nf6 2. c4 e6 3. Nc3 d5 4. cxd5 exd5 5. Bg5 Be7 6. e3 h6 7. Bh4 O-O 8. Bd3
c6 9. Nge2 Re8 10. O-O Nbd7 11. f3 Nf8 12. Bf2 Ng6 13. Qc2 Nf8 14. a3 a5 15.
Rad1 Be6 16. e4 b5 17. e5 N6d7 18. f4 Nb6 19. f5 Bc8 20. Ng3 Bh4 21. Qe2 Nc4
22. Nh5 Bxf2+ 23. Rxf2 Qg5 24. h4 Qxh4 25. Rf4 Qd8 26. f6 g6 27. Rh4 Ne6 28.
Rf1 Kh7 29. b3 Nb6 30. Qe3 Rh8 31. Ng7 Kg8 32. Rxh6 Rxh6 33. Qxh6 Qf8 34. Bxg6
1-0

[Event "IX Floripa Chess Open Fort Atacadista"]
[Site "Florianópolis - Santa Catari"]
[Date "2023.01.26"]
[Round "6.107"]
[White "Cristino, Felipe Borges"]
[Black "Vinales Gonzalez, Enzo Mathias"]
[Result "1-0"]
[WhiteElo "1893"]
[BlackElo "1473"]
[PlyCount "105"]
[EventDate "2023.01.23"]
[EventRounds "10"]
[EventCountry "BRA"]

1. d4 d5 2. c4 e6 3. cxd5 exd5 4. Nc3 Nf6 5. Bg5 Be7 6. e3 O-O 7. h3 h6 8. Bh4
Bf5 9. Bd3 Bxd3 10. Qxd3 c6 11. Nf3 Nbd7 12. O-O Qc7 13. Bg3 Bd6 14. Bxd6 Qxd6
15. Rfc1 Rfe8 16. Qc2 Rad8 17. Rab1 Nb6 18. Nd2 Re6 19. b4 Nh7 20. b5 Rg6 21.
Ne2 Ng5 22. Nf4 Rf6 23. bxc6 bxc6 24. h4 Nh7 25. Nd3 Nd7 26. e4 Rg6 27. e5 Qe7
28. Nf4 Rg4 29. Qf5 h5 30. Rxc6 Ndf8 31. Nxh5 Qxh4 32. Nf3 Qh3 33. Ng3 Rxg3 34.
Qxh3 Rxh3 35. gxh3 Rd7 36. Rb5 Ne6 37. Rb8+ Nhf8 38. Kf1 g6 39. Ke1 Kg7 40. a4
Nf4 41. h4 Nd3+ 42. Ke2 Nf4+ 43. Kd2 Nh3 44. Ke3 Ne6 45. Ng5 Nhxg5 46. hxg5
Nxg5 47. a5 Ne6 48. a6 Rc7 49. Rc8 Re7 50. Rd6 Nc7 51. Rb8 f6 52. Rxf6 Ne6 53.
Rb7 1-0

[Event "IX Floripa Chess Open Fort Atacadista"]
[Site "Florianópolis - Santa Catari"]
[Date "2023.01.26"]
[Round "6.108"]
[White "Monauer, Caique"]
[Black "De Freitas, Isabella Ribeiro Co"]
[Result "1/2-1/2"]
[WhiteElo "1533"]
[BlackElo "1886"]
[PlyCount "103"]
[EventDate "2023.01.23"]
[EventRounds "10"]
[EventCountry "BRA"]

1. c4 c5 2. Nc3 Nc6 3. g3 g6 4. Bg2 Bg7 5. e4 d6 6. Nge2 e5 7. a3 Nge7 8. Rb1
a5 9. O-O O-O 10. f4 f5 11. d3 Rb8 12. Bd2 Bd7 13. Nb5 Be6 14. Nec3 b6 15. Nd5
fxe4 16. dxe4 Nd4 17. b4 Nxb5 18. cxb5 Nxd5 19. exd5 Bf5 20. Rb3 c4 21. Rc3 Bd3
22. Re1 exf4 23. gxf4 axb4 24. axb4 Bxc3 25. Bxc3 Rxf4 26. Qc1 Qh4 27. Ba1 Qf2+
28. Kh1 Rbf8 29. Qc3 Qxe1+ 30. Qxe1 Rf1+ 31. Bxf1 Rxf1+ 32. Qxf1 Bxf1 33. Kg1
Bd3 34. Kf2 Be4 35. Ke3 Bxd5 36. Bd4 Kf7 37. Bxb6 Ke6 38. Kd4 Bg2 39. Bd8 Kd7
40. Bg5 Bf1 41. Bf4 Kc7 42. h4 Kb6 43. Bxd6 Kxb5 44. Bf8 Kc6 45. Bh6 Kb5 46.
Bf8 h5 47. Be7 Bd3 48. Kc3 Kc6 49. Kd4 Bf1 50. Bg5 Kb5 51. Kc3 Bd3 52. Be7
1/2-1/2

[Event "IX Floripa Chess Open Fort Atacadista"]
[Site "Florianópolis - Santa Catari"]
[Date "2023.01.26"]
[Round "6.109"]
[White "Cardoso, Maria Paula Da Silv"]
[Black "Medeiros, Thauane Ferreira"]
[Result "1-0"]
[WhiteElo "1511"]
[BlackElo "1883"]
[PlyCount "53"]
[EventDate "2023.01.23"]
[EventRounds "10"]
[EventCountry "BRA"]

1. e4 e5 2. Nf3 Nc6 3. Bc4 Nf6 4. d3 Be7 5. c3 O-O 6. O-O d5 7. exd5 Nxd5 8.
Re1 Nb6 9. Bb3 Bg4 10. Qe2 Kh8 11. Nbd2 f5 12. Nf1 Bd6 13. Ng3 Qd7 14. h3 e4
15. dxe4 Bxf3 16. Qxf3 fxe4 17. Qe2 Rae8 18. Nxe4 Bc5 19. Rf1 Qe7 20. Bc2 Qh4
21. Qg4 Qe7 22. Bg5 Qe5 23. Qh4 Qf5 24. Rac1 h6 25. Bxh6 gxh6 26. Qxh6+ Kg8 27.
Nxc5 1-0

[Event "IX Floripa Chess Open Fort Atacadista"]
[Site "Florianópolis - Santa Catari"]
[Date "2023.01.26"]
[Round "6.111"]
[White "Marques, Eudes Pinto"]
[Black "Dias, Clara"]
[Result "1/2-1/2"]
[WhiteElo "1882"]
[BlackElo "1430"]
[PlyCount "109"]
[EventDate "2023.01.23"]
[EventRounds "10"]
[EventCountry "BRA"]

1. c4 e5 2. Nc3 Nf6 3. Nf3 Nc6 4. a3 d5 5. cxd5 Nxd5 6. e4 Nb6 7. h3 Be7 8. Bb5
Bf6 9. d3 O-O 10. Bxc6 bxc6 11. Be3 Ba6 12. O-O Bxd3 13. Re1 Bc4 14. Qc2 Qd3
15. Qxd3 Bxd3 16. Red1 Bc4 17. Bc5 Rfe8 18. b4 a5 19. Nd2 Be6 20. b5 Nd7 21.
Be3 cxb5 22. Nxb5 Bd8 23. Rdc1 c5 24. Nd6 Rf8 25. Nb7 Be7 26. Nxc5 Nxc5 27.
Bxc5 Rfd8 28. Bxe7 Rxd2 29. Bc5 Bb3 30. Be3 Rd7 31. Rc5 f6 32. Rac1 a4 33. Kh2
Rad8 34. g4 Kf7 35. g5 Bd1 36. gxf6 gxf6 37. Rc7 Kg6 38. Kg3 Kh5 39. Rxd7 Rxd7
40. f3 Rd3 41. Kf2 Kh4 42. Rc6 Rxa3 43. Rxf6 h5 44. f4 Ra2+ 45. Kg1 exf4 46.
Rxf4+ Kxh3 47. e5 Rg2+ 48. Kf1 a3 49. e6 a2 50. Bd4 Be2+ 51. Ke1 Bb5 52. Rf5
Bc4 53. Rxh5+ Kg4 54. Re5 Bxe6 55. Rxe6 1/2-1/2

[Event "IX Floripa Chess Open Fort Atacadista"]
[Site "Florianópolis - Santa Catari"]
[Date "2023.01.26"]
[Round "6.112"]
[White "Deretti, Lucas Jurk"]
[Black "Souza, Atahander"]
[Result "0-1"]
[WhiteElo "1392"]
[BlackElo "1882"]
[PlyCount "128"]
[EventDate "2023.01.23"]
[EventRounds "10"]
[EventCountry "BRA"]

1. e4 d5 2. exd5 Nf6 3. Bb5+ c6 4. dxc6 bxc6 5. Be2 Qd6 6. Nf3 Bg4 7. O-O Nbd7
8. h3 h5 9. d4 e6 10. Be3 Be7 11. Nbd2 Qb8 12. Nc4 Bf5 13. Qc1 Nd5 14. Bd2 c5
15. Nce5 Nxe5 16. dxe5 Nb4 17. Bd1 Qc7 18. a3 Nc6 19. Bf4 Rb8 20. c3 Be4 21.
Re1 Bd5 22. c4 Bxf3 23. Bxf3 Nd4 24. Bd1 O-O 25. Bc2 Rb6 26. b3 Rfb8 27. Rb1
Nxb3 28. Bxb3 Rxb3 29. Rxb3 Rxb3 30. Qd1 Qa5 31. Re4 Qb6 32. Qd7 Rxa3 33. Qe8+
Bf8 34. Re1 Qa5 35. Re2 Qa4 36. Qxa4 Rxa4 37. Rc2 Ra1+ 38. Rc1 Ra2 39. Be3 Be7
40. Kf1 Kf8 41. Rb1 f6 42. exf6 gxf6 43. Rb8+ Kf7 44. Rh8 Ra4 45. Rxh5 Rxc4 46.
Rh7+ Ke8 47. Rh8+ Kd7 48. Ra8 Ra4 49. Ke2 f5 50. Rb8 f4 51. Bd2 Ra2 52. Kd1 e5
53. g3 fxg3 54. fxg3 Ra3 55. Rg8 c4 56. h4 c3 57. Bc1 Ra2 58. h5 Rh2 59. h6 c2+
60. Ke1 Bb4+ 61. Kf1 Rh1+ 62. Kg2 Rxc1 63. Rg7+ Be7 64. h7 Rh1 0-1

[Event "IX Floripa Chess Open Fort Atacadista"]
[Site "Florianópolis - Santa Catari"]
[Date "2023.01.26"]
[Round "6.113"]
[White "Martins De Aguiar, Marina"]
[Black "De Melo, Jailson Jose"]
[Result "0-1"]
[WhiteElo "1873"]
[BlackElo "1929"]
[PlyCount "118"]
[EventDate "2023.01.23"]
[EventRounds "10"]
[EventCountry "BRA"]

1. e4 c5 2. Nf3 d6 3. d4 cxd4 4. Nxd4 Nf6 5. Nc3 g6 6. f3 Bg7 7. Be3 Nc6 8. Qd2
O-O 9. O-O-O Nxd4 10. Bxd4 Be6 11. Kb1 Qc7 12. h4 Rfc8 13. h5 Qa5 14. hxg6 hxg6
15. g4 Rxc3 16. Qxc3 Qxa2+ 17. Kc1 Qa1+ 18. Kd2 Qa4 19. b3 Nxe4+ 20. fxe4 Qxd4+
21. Qxd4 Bxd4 22. Be2 Re8 23. Rh3 Be5 24. Rb1 Kg7 25. b4 Bf4+ 26. Kd1 Be5 27.
Kd2 Kf6 28. Ra3 Bf4+ 29. Kd1 Rh8 30. c3 Be3 31. Bf3 Ke5 32. Ke2 Kf4 33. Rh1
Bc4+ 34. Ke1 Rxh1+ 35. Bxh1 Kxg4 36. e5 d5 37. b5 e6 38. Bg2 Bc5 39. Ra4 Kf5
40. Bf1 Bxf1 41. Kxf1 Kxe5 42. Rh4 g5 43. Rh7 Kf6 44. Rh6+ Kg7 45. Rh5 Kg6 46.
Rh8 f5 47. Re8 Kf6 48. Rc8 Bb6 49. Rf8+ Ke5 50. Rf7 Ke4 51. Rxb7 g4 52. Rg7 e5
53. Ke2 d4 54. c4 d3+ 55. Kd2 Be3+ 56. Kd1 Kf3 57. Rc7 g3 58. c5 g2 59. Rg7
Bxc5 0-1

[Event "IX Floripa Chess Open Fort Atacadista"]
[Site "Florianópolis - Santa Catari"]
[Date "2023.01.26"]
[Round "6.114"]
[White "Da Silva, Miguel Michels"]
[Black "Valcarcel, Victor Ignacio Dos "]
[Result "0-1"]
[WhiteElo "1156"]
[BlackElo "1873"]
[PlyCount "60"]
[EventDate "2023.01.23"]
[EventRounds "10"]
[EventCountry "BRA"]

1. d4 Nf6 2. c4 g6 3. Nc3 d5 4. cxd5 Nxd5 5. e4 Nxc3 6. bxc3 Bg7 7. Ne2 c5 8.
g3 Bg4 9. Bg2 Bxe2 10. Qxe2 cxd4 11. cxd4 O-O 12. e5 Qxd4 13. Rb1 Nc6 14. O-O
Qxe5 15. Qxe5 Nxe5 16. Rxb7 e6 17. Rc7 Rac8 18. Rxa7 Rc2 19. Bf4 Ng4 20. h3
Nxf2 21. Be3 Nd3 22. a4 Ra2 23. a5 Bc3 24. Bb6 Bb4 25. Kh1 Ne1 26. Be4 Re2 27.
Bb7 Bd6 28. Bf2 Nd3 29. Kg1 Nxf2 30. Rxf2 Rxf2 0-1

[Event "IX Floripa Chess Open Fort Atacadista"]
[Site "Florianópolis - Santa Catari"]
[Date "2023.01.26"]
[Round "6.115"]
[White "Marques Junior, Marcos Antonio"]
[Black "Matos, Alexandre De"]
[Result "1-0"]
[WhiteElo "1870"]
[BlackElo "1871"]
[PlyCount "85"]
[EventDate "2023.01.23"]
[EventRounds "10"]
[EventCountry "BRA"]

1. Nf3 d5 2. e3 Nf6 3. b3 Bg4 4. Bb2 Nbd7 5. d4 e6 6. Nbd2 Bd6 7. h3 Bh5 8. g4
Bg6 9. Ne5 Qe7 10. a3 c6 11. Bg2 Nf8 12. h4 h6 13. Nxg6 Nxg6 14. h5 Nf8 15. Qe2
N8d7 16. f4 O-O-O 17. b4 Nb6 18. O-O-O Na4 19. Bf3 b5 20. Nb3 Rd7 21. Nc5 Bxc5
22. dxc5 Nxb2 23. Kxb2 a5 24. e4 Rhd8 25. e5 Ne4 26. Bxe4 dxe4 27. Rd6 Rxd6 28.
cxd6 Qa7 29. Qxe4 Kd7 30. Rh3 Ra8 31. f5 axb4 32. Qxb4 Qf2 33. fxe6+ fxe6 34.
Qc3 Ra4 35. Rf3 b4 36. Rxf2 bxc3+ 37. Kxc3 Rxa3+ 38. Kb4 Re3 39. Rf7+ Kd8 40.
Rxg7 Rxe5 41. c4 Ke8 42. Re7+ Kf8 43. Rh7 1-0

[Event "IX Floripa Chess Open Fort Atacadista"]
[Site "Florianópolis - Santa Catari"]
[Date "2023.01.26"]
[Round "6.116"]
[White "Ribeiro, Dionatan Lua Franze"]
[Black "De Souza Monteiro, Marcos Paulo"]
[Result "1-0"]
[WhiteElo "1800"]
[BlackElo "1869"]
[PlyCount "89"]
[EventDate "2023.01.23"]
[EventRounds "10"]
[EventCountry "BRA"]

1. b3 e5 2. Bb2 Nc6 3. e3 Nf6 4. Bb5 d6 5. Bxc6+ bxc6 6. Ne2 Be7 7. O-O O-O 8.
f4 e4 9. Ng3 d5 10. Nc3 Ba6 11. Rf2 Qd7 12. h3 c5 13. Nce2 Rad8 14. Rc1 Qd6 15.
f5 Qb6 16. d4 exd3 17. cxd3 c4 18. d4 cxb3 19. axb3 Bxe2 20. Nxe2 Ne4 21. Rf1
Bd6 22. Nf4 Bxf4 23. Rxf4 Rb8 24. Ba3 Rfe8 25. Rb1 Nc3 26. Bc5 Nxd1 27. Bxb6
Rxb6 28. Rxd1 Rxb3 29. Ra1 Rb7 30. Kf2 f6 31. Ra5 c6 32. Ra6 Rc7 33. Ra5 Kf7
34. Ke2 Rb8 35. Rf2 Rb5 36. Ra6 Ke7 37. Kd3 Kd7 38. Rfa2 Rbb7 39. R2a3 Kc8 40.
e4 dxe4+ 41. Kxe4 Kb8 42. Ra2 Rb6 43. R6a3 Rb5 44. g4 Rb1 45. Kd3 1-0

[Event "IX Floripa Chess Open Fort Atacadista"]
[Site "Florianópolis - Santa Catari"]
[Date "2023.01.26"]
[Round "6.117"]
[White "Correa, Joao Pedro Vieira"]
[Black "De Sousa, Paulo Goncalves"]
[Result "1-0"]
[WhiteElo "1865"]
[BlackElo "1800"]
[PlyCount "69"]
[EventDate "2023.01.23"]
[EventRounds "10"]
[EventCountry "BRA"]

1. e4 c5 2. Nf3 d6 3. Bb5+ Bd7 4. Bxd7+ Qxd7 5. O-O Nf6 6. Qe2 Nc6 7. c3 e5 8.
Rd1 d5 9. exd5 Qxd5 10. d4 Rd8 11. c4 Qd6 12. d5 Be7 13. Re1 Nd4 14. Nxd4 cxd4
15. Qxe5 Qxe5 16. Rxe5 Kd7 17. Re1 Rhe8 18. Nd2 Bc5 19. Nf3 b5 20. b3 bxc4 21.
bxc4 Ne4 22. Bf4 Nc3 23. Kf1 f6 24. Bd2 Rxe1+ 25. Bxe1 Rc8 26. Bxc3 dxc3 27.
Ke2 Ba3 28. Kd3 Bb2 29. Re1 Rc5 30. Nd4 Ra5 31. Re7+ Kd6 32. Rxg7 Rxa2 33. Rxh7
Ra1 34. Rxa7 Rxa7 35. Nb5+ 1-0

[Event "IX Floripa Chess Open Fort Atacadista"]
[Site "Florianópolis - Santa Catari"]
[Date "2023.01.26"]
[Round "6.118"]
[White "Dias, Anderson Tatsch"]
[Black "Kawamoto, Victor Misao Buriti"]
[Result "1-0"]
[WhiteElo "2087"]
[BlackElo "1800"]
[PlyCount "69"]
[EventDate "2023.01.23"]
[EventRounds "10"]
[EventCountry "BRA"]

1. c4 e5 2. e3 Nf6 3. d3 Be7 4. Nf3 Nc6 5. Be2 O-O 6. O-O d5 7. cxd5 Nxd5 8. a3
Be6 9. Qc2 Qd7 10. b4 a6 11. Bb2 f6 12. Nbd2 Nb6 13. Rac1 Rad8 14. d4 exd4 15.
Nxd4 Nxd4 16. Bxd4 Rc8 17. Bd3 f5 18. Nb3 Na4 19. Rfd1 Qe8 20. Nc5 Nxc5 21.
Bxc5 Bxc5 22. Qxc5 Qg6 23. Qa7 Bd5 24. Bf1 Bc6 25. Rd4 Rf6 26. Rcd1 h5 27. Rd8+
Rxd8 28. Rxd8+ Kh7 29. Qb8 Qf7 30. Rh8+ Kg6 31. Be2 Rd6 32. Bxh5+ Kf6 33. Rf8
g6 34. Rxf7+ Kxf7 35. Bf3 1-0

[Event "IX Floripa Chess Open Fort Atacadista"]
[Site "Florianópolis - Santa Catari"]
[Date "2023.01.26"]
[Round "6.119"]
[White "Boff, Lucas Strauss"]
[Black "Riquelme, Andres"]
[Result "1-0"]
[WhiteElo "2036"]
[BlackElo "1695"]
[PlyCount "101"]
[EventDate "2023.01.23"]
[EventRounds "10"]
[EventCountry "BRA"]

1. Nf3 Nf6 2. c4 g6 3. Nc3 Bg7 4. e4 d6 5. d4 Bg4 6. Be2 O-O 7. O-O Bxf3 8.
Bxf3 e5 9. d5 Nbd7 10. Bg5 h6 11. Bh4 a6 12. h3 Re8 13. b4 g5 14. Bg3 Nf8 15.
h4 Ng6 16. hxg5 hxg5 17. Bg4 Nf4 18. Bf5 N6h5 19. Qg4 Qf6 20. f3 Qh6 21. Be1
Nd3 22. Bd2 Ndf4 23. Kf2 Nd3+ 24. Ke3 Ndf4 25. Rh1 Nf6 26. Qg3 N4h5 27. Qh2 g4+
28. Kd3 g3 29. Bxh6 gxh2 30. Bxg7 Kxg7 31. Rxh2 Rh8 32. Rah1 Nf4+ 33. Ke3 Rxh2
34. Rxh2 N6h5 35. Ne2 b5 36. Nxf4 Nxf4 37. g3 Ng6 38. cxb5 axb5 39. Rc2 Ra3+
40. Ke2 Nf8 41. Bc8 Ra4 42. Rb2 Ra7 43. Bh3 Kf6 44. Bf1 Nd7 45. Kd2 Rb7 46. Kc3
Nb8 47. Rb3 Rb6 48. Ra3 c6 49. Ra5 Kg5 50. dxc6 Rxc6+ 51. Kb2 1-0

[Event "IX Floripa Chess Open Fort Atacadista"]
[Site "Florianópolis - Santa Catari"]
[Date "2023.01.26"]
[Round "6.120"]
[White "De Oliveira, Aquiles Machado"]
[Black "Dias, Matheus Nunes"]
[Result "1-0"]
[WhiteElo "2013"]
[BlackElo "1680"]
[PlyCount "73"]
[EventDate "2023.01.23"]
[EventRounds "10"]
[EventCountry "BRA"]

1. e4 e6 2. d4 d5 3. Nd2 Nf6 4. e5 Nfd7 5. Bd3 c5 6. c3 Nc6 7. Ne2 Qb6 8. Nf3
cxd4 9. cxd4 Bb4+ 10. Kf1 f6 11. exf6 Nxf6 12. g3 Ne4 13. Kg2 O-O 14. Be3 Bd7
15. Bxe4 dxe4 16. Ng5 Qb5 17. Nc3 Bxc3 18. bxc3 Qf5 19. h4 Ne7 20. c4 Bc6 21.
Kh2 h6 22. Nh3 Ng6 23. h5 Ne7 24. Nf4 Rad8 25. Qe2 e5 26. dxe5 Qxe5 27. Rhd1
Ba4 28. Rxd8 Rxd8 29. Rb1 b6 30. c5 Kh7 31. cxb6 axb6 32. Bxb6 Rc8 33. Rb4 Bc2
34. Bd4 Qd6 35. Qg4 Rg8 36. a3 Nc6 37. Qf5+ 1-0

[Event "IX Floripa Chess Open Fort Atacadista"]
[Site "Florianópolis - Santa Catari"]
[Date "2023.01.26"]
[Round "6.121"]
[White "Da Silva, Luiz Matheus"]
[Black "Arruda Filho, Ivo Pereira De"]
[Result "1-0"]
[WhiteElo "1986"]
[BlackElo "1669"]
[PlyCount "79"]
[EventDate "2023.01.23"]
[EventRounds "10"]
[EventCountry "BRA"]

1. c4 Nf6 2. Nc3 g6 3. g3 Bg7 4. Bg2 d6 5. e4 O-O 6. Nge2 e5 7. O-O Nc6 8. d3
Bd7 9. h3 Qc8 10. Kh2 Nd4 11. Be3 c5 12. f4 a6 13. a4 Rb8 14. fxe5 dxe5 15. Bg5
Qc6 16. Bxf6 Bxf6 17. Nxd4 cxd4 18. Nd5 Bd8 19. h4 h5 20. Bh3 Bxh3 21. Kxh3
Qe6+ 22. Kh2 b5 23. axb5 axb5 24. c5 b4 25. Rc1 Qc6 26. Qd2 Kg7 27. Nxb4 Rxb4
28. Qxb4 f5 29. exf5 gxf5 30. Qe1 Bc7 31. Qd2 f4 32. gxf4 Kh7 33. Qg2 Qe8 34.
Qe4+ Kh6 35. f5 Rg8 36. Rg1 Rg4 37. Rxg4 hxg4 38. Rg1 g3+ 39. Rxg3 Qh5 40. Qc6+
1-0

[Event "IX Floripa Chess Open Fort Atacadista"]
[Site "Florianópolis - Santa Catari"]
[Date "2023.01.26"]
[Round "6.122"]
[White "Dias, Juliane De Oliveira"]
[Black "Kazuhiro Shikasho, Erik"]
[Result "1/2-1/2"]
[WhiteElo "1672"]
[BlackElo "1886"]
[PlyCount "65"]
[EventDate "2023.01.23"]
[EventRounds "10"]
[EventCountry "BRA"]

1. e4 c5 2. Nf3 d6 3. d4 cxd4 4. Nxd4 Nf6 5. Nc3 a6 6. Be2 e5 7. Nb3 Be7 8. O-O
O-O 9. Be3 Be6 10. f4 exf4 11. Bxf4 Nc6 12. Kh1 Ne5 13. Nd4 Rc8 14. Nxe6 fxe6
15. Bxe5 dxe5 16. Qxd8 Rfxd8 17. Bd3 Bb4 18. Ne2 Ng4 19. Rf3 Bc5 20. Raf1 Ne3
21. Rc1 Ba7 22. h3 b5 23. a4 bxa4 24. Bxa6 Rxc2 25. Rxc2 Nxc2 26. Bc4 Rd6 27.
Nc3 a3 28. bxa3 Nxa3 29. Ba2 Bd4 30. Nd5 exd5 31. Rxa3 Kf7 32. Bxd5+ Ke7 33.
Rb3 1/2-1/2

[Event "IX Floripa Chess Open Fort Atacadista"]
[Site "Florianópolis - Santa Catari"]
[Date "2023.01.26"]
[Round "6.124"]
[White "Pereira Junior, Ignacio Marrero"]
[Black "Bitencourt, Evandro Jose Dos S"]
[Result "0-1"]
[WhiteElo "1665"]
[BlackElo "1859"]
[PlyCount "59"]
[EventDate "2023.01.23"]
[EventRounds "10"]
[EventCountry "BRA"]

1. e4 c5 2. Nf3 d6 3. d4 cxd4 4. Nxd4 Nf6 5. Nc3 a6 6. Be2 e5 7. Nb3 Be7 8. Be3
Be6 9. f3 Nbd7 10. Qd2 Qc7 11. g4 b5 12. g5 Nh5 13. Nd5 Bxd5 14. Qxd5 Rc8 15.
c3 Nb6 16. Qd2 Nc4 17. Bxc4 Qxc4 18. Rd1 O-O 19. Qd5 Qc7 20. Kf2 Kh8 21. h4 f5
22. exf5 Rxf5 23. Nd2 Rcf8 24. Qe4 Nf4 25. Bxf4 Rxf4 26. Qd5 e4 27. Nxe4 Rxf3+
28. Ke2 R3f5 29. Qd4 d5 30. Ng3 0-1

[Event "IX Floripa Chess Open Fort Atacadista"]
[Site "Florianópolis - Santa Catari"]
[Date "2023.01.26"]
[Round "6.125"]
[White "Cardozo, Matheus Santos"]
[Black "Gomes, Maria Eduarda Papin"]
[Result "1-0"]
[WhiteElo "1856"]
[BlackElo "1664"]
[PlyCount "61"]
[EventDate "2023.01.23"]
[EventRounds "10"]
[EventCountry "BRA"]

1. d4 Nf6 2. Nf3 g6 3. g3 Bg7 4. Bg2 d6 5. O-O O-O 6. c4 Nfd7 7. Nc3 e5 8. b3
exd4 9. Ne4 d3 10. Rb1 dxe2 11. Qxe2 Re8 12. Re1 h6 13. Qd2 Nc6 14. Bb2 Bxb2
15. Qxb2 Nce5 16. Nxe5 Nxe5 17. f4 Nd7 18. Qd4 Re7 19. c5 Rxe4 20. Qxe4 Nxc5
21. Qe8+ Qxe8 22. Rxe8+ Kg7 23. Rbe1 c6 24. R1e7 Ne6 25. Bh3 Kf6 26. Bxe6 Bxe6
27. Rxe6+ fxe6 28. Rxa8 e5 29. fxe5+ Kxe5 30. Rxa7 b5 31. Kf2 1-0

[Event "IX Floripa Chess Open Fort Atacadista"]
[Site "Florianópolis - Santa Catari"]
[Date "2023.01.26"]
[Round "6.126"]
[White "Pimenta, Elisandro Da Silva"]
[Black "Vaz, Osvaldo Jose"]
[Result "1-0"]
[WhiteElo "1855"]
[BlackElo "1660"]
[PlyCount "59"]
[EventDate "2023.01.23"]
[EventRounds "10"]
[EventCountry "BRA"]

1. e4 e6 2. d4 d5 3. Nc3 Nf6 4. e5 Nfd7 5. f4 c5 6. Nf3 Nc6 7. Be3 cxd4 8. Nxd4
Bb4 9. Qd2 Nc5 10. Nxc6 bxc6 11. Bxc5 Bxc5 12. Na4 Be7 13. Bd3 O-O 14. O-O c5
15. c3 Qc7 16. Qe2 f6 17. b3 Bd7 18. Nb2 Rab8 19. c4 Qb6 20. Rae1 Rf7 21. Kh1
d4 22. f5 fxe5 23. fxe6 Rxf1+ 24. Rxf1 Qxe6 25. Bf5 Qd6 26. Bxd7 Qxd7 27. Qxe5
Rf8 28. Rxf8+ Kxf8 29. Nd3 Qg4 30. Qb8+ 1-0

[Event "IX Floripa Chess Open Fort Atacadista"]
[Site "Florianópolis - Santa Catari"]
[Date "2023.01.26"]
[Round "6.127"]
[White "Martins, Giovanni Custodio"]
[Black "Moritz, Diego Homrich"]
[Result "1-0"]
[WhiteElo "1658"]
[BlackElo "1854"]
[PlyCount "81"]
[EventDate "2023.01.23"]
[EventRounds "10"]
[EventCountry "BRA"]

1. e4 e6 2. d4 d5 3. Nc3 Nf6 4. e5 Nfd7 5. f4 c5 6. Nf3 Nc6 7. Be3 cxd4 8. Bxd4
Nxd4 9. Nxd4 Bb4 10. Qf3 Qa5 11. Nde2 b6 12. a3 Ba6 13. O-O-O Be7 14. Nd4 Rc8
15. Nb3 Rxc3 16. Qxc3 Qxc3 17. bxc3 Bxa3+ 18. Kd2 Bxf1 19. Ra1 Bc4 20. Rxa3 a5
21. Rb1 Ke7 22. Nd4 Rc8 23. Nb5 Rc5 24. Nd6 Ba6 25. Ke3 Rc6 26. Kd4 g6 27. g4
Be2 28. g5 Bg4 29. h4 Bf5 30. Rb2 Nc5 31. Rxb6 Rxb6 32. Nc8+ Kd7 33. Nxb6+ Kc6
34. Na4 Ne4 35. Nb2 Kb6 36. c4 dxc4 37. Nxc4+ Kb5 38. Nd6+ Nxd6 39. exd6 a4 40.
Ke5 Kb4 41. Ra2 1-0

[Event "IX Floripa Chess Open Fort Atacadista"]
[Site "Florianópolis - Santa Catari"]
[Date "2023.01.26"]
[Round "6.128"]
[White "Ferreira, Gabriel Duque"]
[Black "Lopes, Leonardo Borges"]
[Result "1-0"]
[WhiteElo "1848"]
[BlackElo "1635"]
[PlyCount "51"]
[EventDate "2023.01.23"]
[EventRounds "10"]
[EventCountry "BRA"]

1. c4 Nf6 2. Nc3 g6 3. Nf3 Bg7 4. g3 d6 5. Bg2 O-O 6. O-O Nc6 7. d3 a6 8. Rb1
Rb8 9. b3 b5 10. Bb2 bxc4 11. dxc4 Bf5 12. Rc1 Qd7 13. Nd5 e5 14. Nxf6+ Bxf6
15. Qd2 Bh3 16. Bxh3 Qxh3 17. c5 Qd7 18. cxd6 cxd6 19. Rfd1 Rfd8 20. e4 Rb5 21.
Rc4 Qb7 22. Qe3 Na5 23. Rc2 Rb4 24. Nd2 d5 25. exd5 Qxd5 26. Rc5 1-0

[Event "IX Floripa Chess Open Fort Atacadista"]
[Site "Florianópolis - Santa Catari"]
[Date "2023.01.26"]
[Round "6.129"]
[White "Dos Santos, Lucas Carvalho Ribe"]
[Black "Rodrigues, Nei Jorge"]
[Result "1/2-1/2"]
[WhiteElo "1619"]
[BlackElo "1845"]
[PlyCount "105"]
[EventDate "2023.01.23"]
[EventRounds "10"]
[EventCountry "BRA"]

1. e4 c5 2. d3 g6 3. Nf3 Bg7 4. g3 Nf6 5. Bg2 O-O 6. O-O Nc6 7. Re1 d6 8. Nbd2
Rb8 9. Nf1 b5 10. e5 Nxe5 11. Nxe5 dxe5 12. Rxe5 c4 13. Re1 Bg4 14. f3 Be6 15.
Bf4 Rc8 16. dxc4 bxc4 17. Qxd8 Rfxd8 18. Rad1 Kf8 19. Be5 Ne8 20. Bxg7+ Kxg7
21. Rxd8 Rxd8 22. Kf2 Kf6 23. Ne3 h5 24. Rd1 Rb8 25. b3 Nd6 26. Nd5+ Bxd5 27.
Rxd5 cxb3 28. cxb3 Rc8 29. Ke2 a6 30. Kd2 Nb5 31. Bf1 Ke6 32. Bc4 Nd6 33. Rc5+
Nxc4+ 34. Rxc4 Rxc4 35. bxc4 Kd6 36. Kd3 Kc5 37. f4 f6 38. h3 e6 39. g4 a5 40.
g5 fxg5 41. fxg5 a4 42. Ke4 Kxc4 43. Ke5 a3 44. Kxe6 Kc3 45. Kf6 Kb2 46. Kxg6
Kxa2 47. Kxh5 Kb3 48. g6 a2 49. g7 a1=Q 50. g8=Q+ Kc2 51. Qg6+ Kd2 52. h4 Ke3
53. Qg5+ 1/2-1/2